| 000 | 00497cam a22002051 4500 | ||
|---|---|---|---|
| 001 | sa 66007917 | ||
| 003 | DLC | ||
| 005 | 20260227112308.0 | ||
| 008 | 890421s1963 ii 000 0 hino | ||
| 010 | _asa 66007917 | ||
| 035 | _a(OCoLC)19581192 | ||
| 040 |
_aDLC _cWaU _dDLC |
||
| 042 | _apremarc | ||
| 050 | 0 | 0 |
_aPK2098.V4 _bK8 |
| 100 | 1 |
_aVarmā, Vr̥ndāvanalāla, _d1890-1969. |
|
| 245 | 1 | 0 | _aKuṇḍalī-cakra. |
| 260 | _c[1963/64] | ||
| 300 |
_a250 p. _c19 cm. |
||
| 500 | _aIn Hindi. | ||
| 999 |
_c71499 _d71499 |
||